000 00544nam a2200193Ia 4500
008 140321s9999 xx 000 0 und d
020 _a9780415587945
050 _aPN 4785
_b.C63 2013
100 _aConboy, Martin
245 _aJournalism studies /
_cMartin Conboy.
260 _aNew York :
_bRoutledge,
_cc2013.
300 _a196 p. :
_c21 cm.
440 _a(The basics).
500 _aIncludes bibliographical references and index.
521 _aMC
650 _aJournalism
_xStudy and teaching.
942 _kFOR
_cBK
999 _c48654
_d48654